[Event "Schachfestival 2014"]
[Site "Bad WÃ¶rishofen"]
[Date "2014.03.27"]
[Round "8.32"]
[White "Gorse, Gerald"]
[Black "Voss, Gunther"]
[Result "0-1"]
[WhiteElo "2036"]
[BlackElo "2160"]
[Annotator "chessorg"]
[PlyCount "58"]
[EventDate "2014.??.??"]
[WhiteTeam "SC Freiburg-ZÃ¤hringen"]
[BlackTeam "Schachverein Muelheim-Nord 1931 e"]

1. c4 e5 2. g3 Nf6 3. Bg2 h6 4. Nc3 Bb4 5. Nf3 Bxc3 6. bxc3 e4 7. Nd4 O-O 8.
O-O d6 9. d3 Re8 10. f3 exd3 11. exd3 Nbd7 12. f4 c5 13. Nc2 Nb6 14. f5 d5 15.
cxd5 Nbxd5 16. Bd2 Ne7 17. d4 Nxf5 18. dxc5 Qa5 19. c6 Qc5+ 20. Nd4 Nxd4 21.
cxd4 Qxd4+ 22. Kh1 bxc6 23. Bxh6 Qxd1 24. Raxd1 Nd5 25. Bf4 Re2 26. Rxd5 cxd5
27. Bxd5 Bh3 28. Rd1 Rae8 29. Kg1 Be6 0-1

[Event "Schachfestival 2014"]
[Site "Bad WÃ¶rishofen"]
[Date "2014.03.27"]
[Round "8.37"]
[White "Thesing, Ansgar"]
[Black "Astengo, Corrado"]
[Result "1/2-1/2"]
[WhiteElo "1798"]
[BlackElo "2105"]
[Annotator "chessorg"]
[PlyCount "47"]
[EventDate "2014.??.??"]
[WhiteTeam "SC Kreuzberg e.V."]
[BlackTeam "Castelfidardo"]

1. e4 c5 2. Nc3 e6 3. g3 Nc6 4. Bg2 Nf6 5. f4 d5 6. exd5 exd5 7. Nf3 d4 8. Qe2+
Be7 9. Ne4 Nxe4 10. Qxe4 O-O 11. O-O Bf6 12. Ne5 Nxe5 13. fxe5 Re8 14. Qf3 Rxe5
15. d3 a5 16. Bf4 Re7 17. Qh5 Qb6 18. Be4 g6 19. Qd5 Bh3 20. Bd6 Bxf1 21. Bxe7
Bxe7 22. Rxf1 Rf8 23. Qd7 Qd6 24. Qxb7 1/2-1/2

[Event "Schachfestival 2014"]
[Site "Bad WÃ¶rishofen"]
[Date "2014.03.27"]
[Round "8.39"]
[White "Schiegg, Peter"]
[Black "Dewenter, Ulf"]
[Result "1/2-1/2"]
[WhiteElo "2019"]
[BlackElo "2178"]
[Annotator "chessorg"]
[PlyCount "43"]
[EventDate "2014.??.??"]
[WhiteTeam "SF Bad Groenenbach"]
[BlackTeam "Schachclub Weisse Dame Borbeck 25"]

1. c4 c6 2. Nc3 d5 3. cxd5 cxd5 4. d4 Nc6 5. Nf3 Nf6 6. e3 e6 7. Bd3 Be7 8. O-O
O-O 9. Bd2 Bd7 10. Rc1 Rc8 11. Qe2 a6 12. Rfe1 b5 13. a3 Re8 14. b4 Bd6 15. e4
dxe4 16. Nxe4 Nxe4 17. Qxe4 f5 18. Qe3 Ne7 19. Ne5 Nd5 20. Qf3 Bxe5 21. dxe5
Bc6 22. Qg3 1/2-1/2

[Event "Schachfestival 2014"]
[Site "Bad WÃ¶rishofen"]
[Date "2014.03.27"]
[Round "8.44"]
[White "Matzat, Andre"]
[Black "Lotz, Ralf"]
[Result "1-0"]
[WhiteElo "2078"]
[BlackElo "1901"]
[Annotator "chessorg"]
[PlyCount "63"]
[EventDate "2014.??.??"]
[WhiteTeam "Schachclub Weisse Dame Borbeck 25"]
[BlackTeam "SC 1952 Obertshausen"]

1. d4 e6 2. Bf4 d5 3. e3 Nf6 4. Nd2 c5 5. c3 Bd6 6. Bg3 Nc6 7. Ngf3 Bxg3 8.
hxg3 cxd4 9. exd4 Qc7 10. Bd3 Bd7 11. Qe2 g6 12. Ne5 Nxe5 13. dxe5 Ng8 14. Nb3
Ne7 15. f4 Nf5 16. Bxf5 gxf5 17. O-O-O Ba4 18. Rd4 Bxb3 19. Qb5+ Qc6 20. Qxb3
Rc8 21. Kb1 a6 22. Qd1 Qb5 23. Rb4 Qc6 24. g4 a5 25. Rd4 Qb5 26. gxf5 Rxc3 27.
fxe6 fxe6 28. f5 Re3 29. Qh5+ Kd7 30. Rc1 Re8 31. fxe6+ Rxe6 32. Qf7+ 1-0

[Event "Schachfestival 2014"]
[Site "Bad WÃ¶rishofen"]
[Date "2014.03.27"]
[Round "8.48"]
[White "Blaeser, Romain"]
[Black "Stull, Norbert"]
[Result "1/2-1/2"]
[WhiteElo "1995"]
[BlackElo "2069"]
[Annotator "chessorg"]
[PlyCount "31"]
[EventDate "2014.??.??"]
[WhiteTeam "Differdange"]
[BlackTeam "Le Cavalier Differdange"]

1. g3 Nf6 2. Bg2 g6 3. c4 Bg7 4. Nc3 e5 5. d3 O-O 6. e4 d6 7. Nge2 Nbd7 8. O-O
Nc5 9. h3 a5 10. b3 Ne6 11. Be3 Nd7 12. Qd2 Nd4 13. Rac1 Nc5 14. Kh2 c6 15.
Rcd1 Be6 16. Bh6 1/2-1/2

[Event "Schachfestival 2014"]
[Site "Bad WÃ¶rishofen"]
[Date "2014.03.27"]
[Round "8.49"]
[White "Klamp, Christoph"]
[Black "Wied, Christian"]
[Result "1-0"]
[WhiteElo "2064"]
[BlackElo "1938"]
[Annotator "chessorg"]
[PlyCount "75"]
[EventDate "2014.??.??"]
[WhiteTeam "SV Schachforum Darmstadt 1994"]
[BlackTeam "FC Fasanerie-Nord e.V."]

1. Nf3 Nf6 2. c4 c5 3. Nc3 e6 4. g3 b6 5. Bg2 Bb7 6. O-O Be7 7. Re1 O-O 8. e4
d6 9. d4 cxd4 10. Nxd4 Qc8 11. Bg5 a6 12. Rc1 Nbd7 13. b3 h6 14. Be3 Rd8 15. f4
Nc5 16. Bf2 Ra7 17. Qe2 Ba8 18. h3 Rc7 19. b4 Ncd7 20. b5 Rxc4 21. Nc6 Rxc6 22.
bxc6 Bxc6 23. Nd5 exd5 24. exd5 Nc5 25. dxc6 Bf8 26. Bd4 Re8 27. Qc2 Be7 28.
Re2 Kf8 29. Rce1 Ng8 30. Kh2 g6 31. Qc3 Ne6 32. Bh8 Bd8 33. Bd5 Bc7 34. Bxe6
Rxe6 35. Rxe6 fxe6 36. Qg7+ Ke8 37. Qxg8+ Ke7 38. Qxc8 1-0

[Event "Schachfestival 2014"]
[Site "Bad WÃ¶rishofen"]
[Date "2014.03.27"]
[Round "8.55"]
[White "Koch, Till"]
[Black "Kievelitz, Bernd"]
[Result "0-1"]
[WhiteElo "1872"]
[BlackElo "2029"]
[Annotator "chessorg"]
[PlyCount "66"]
[EventDate "2014.??.??"]
[WhiteTeam "Schachverein Unser Fritz Wanne-E"]
[BlackTeam "SC Zitadelle Spandau 1977 e.V."]

1. e4 c5 2. c3 Nf6 3. e5 Nd5 4. Bc4 e6 5. d4 cxd4 6. cxd4 Nb6 7. Bb3 d6 8. exd6
Bxd6 9. Nf3 Nc6 10. Nc3 Bb4 11. O-O Bxc3 12. bxc3 Na5 13. Ne5 Nxb3 14. axb3 O-O
15. Ba3 Re8 16. Qh5 Qf6 17. Rfe1 Nd7 18. f4 Nxe5 19. fxe5 Qg6 20. Qf3 f5 21.
Bc5 a6 22. Bb6 Bd7 23. Qxb7 Bb5 24. c4 Rab8 25. Qc7 Rec8 26. cxb5 Rxc7 27. Bxc7
Rxb5 28. Rxa6 Rxb3 29. Ra8+ Kf7 30. Bd6 Qg4 31. Ra7+ Kg6 32. Bf8 Qxd4+ 33. Kh1
Qxa7 0-1

[Event "Schachfestival 2014"]
[Site "Bad WÃ¶rishofen"]
[Date "2014.03.27"]
[Round "8.62"]
[White "Gerhards, Walter"]
[Black "Hillebrand, Carsten"]
[Result "0-1"]
[WhiteElo "1911"]
[BlackElo "2044"]
[Annotator "chessorg"]
[PlyCount "64"]
[EventDate "2014.??.??"]
[WhiteTeam "Ratinger Schachklub 1950"]
[BlackTeam "Freier Sportverein von 1898 Dort"]

1. e4 c5 2. Nf3 Nc6 3. Nc3 e5 4. Bb5 Nge7 5. O-O g6 6. a4 Bg7 7. d3 O-O 8. Bg5
h6 9. Be3 Nd4 10. Bc4 d6 11. Nd5 Bg4 12. c3 Nxf3+ 13. gxf3 Bh3 14. Re1 Nxd5 15.
Bxd5 Qh4 16. Kh1 Kh7 17. Rg1 Rab8 18. Qd2 Bd7 19. Rg3 Qe7 20. a5 Be6 21. Rag1
Bxd5 22. exd5 b6 23. Rh3 h5 24. Rhg3 bxa5 25. f4 exf4 26. Bxf4 Qb7 27. c4 Qxb2
28. Qxa5 Qf6 29. Be3 Qf5 30. Qxa7 h4 31. R3g2 Qf3 32. h3 Be5 0-1

[Event "Schachfestival 2014"]
[Site "Bad WÃ¶rishofen"]
[Date "2014.03.27"]
[Round "8.67"]
[White "Hipp, Hermann"]
[Black "Herold, Gunther"]
[Result "1/2-1/2"]
[WhiteElo "2007"]
[BlackElo "1897"]
[Annotator "chessorg"]
[PlyCount "47"]
[EventDate "2014.??.??"]
[WhiteTeam "SK Marktoberdorf"]
[BlackTeam "SK Oberguenzburg"]

1. b3 Nf6 2. Bb2 g6 3. Nf3 Bg7 4. e3 O-O 5. Be2 d6 6. O-O c5 7. d4 Bf5 8. d5 e5
9. dxe6 Bxe6 10. c4 h6 11. Nbd2 d5 12. cxd5 Bxd5 13. Qc2 Qe7 14. Rfd1 Nc6 15.
Rac1 b6 16. Bc4 Nb4 17. Qb1 Rfd8 18. a3 Bxc4 19. Nxc4 Nc6 20. Rxd8+ Rxd8 21.
Rd1 b5 22. Nce5 Nxe5 23. Bxe5 Ne8 24. Bxg7 1/2-1/2

[Event "Schachfestival 2014"]
[Site "Bad WÃ¶rishofen"]
[Date "2014.03.27"]
[Round "8.69"]
[White "Funke, Jörg-Dietmar"]
[Black "Von Saldern, Rüdiger"]
[Result "1/2-1/2"]
[WhiteElo "1856"]
[BlackElo "1973"]
[Annotator "chessorg"]
[PlyCount "35"]
[EventDate "2014.??.??"]
[WhiteTeam "Schachclub Naunhof"]
[BlackTeam "SF Starnberger See e.V."]

1. e4 e5 2. Nf3 Nc6 3. Bb5 a6 4. Bxc6 dxc6 5. O-O f6 6. d4 exd4 7. Qxd4 Qxd4 8.
Nxd4 Bc5 9. Nb3 Bd6 10. Be3 Be6 11. Nc5 Bxc5 12. Bxc5 O-O-O 13. Nc3 b6 14. Be3
Ne7 15. Rad1 Ng6 16. f4 Bc4 17. Rfe1 Rhe8 18. g3 1/2-1/2

[Event "Schachfestival 2014"]
[Site "Bad WÃ¶rishofen"]
[Date "2014.03.27"]
[Round "8.73"]
[White "Walter, Mario"]
[Black "Engl, Heinz"]
[Result "1/2-1/2"]
[WhiteElo "1925"]
[BlackElo "2084"]
[Annotator "chessorg"]
[PlyCount "43"]
[EventDate "2014.??.??"]
[WhiteTeam "SC Pasing von 1948 e.V."]
[BlackTeam "Blinden SC Muenchen"]

1. e3 Nf6 2. Nf3 c5 3. d4 d5 4. c4 e6 5. Nc3 Nc6 6. Be2 Be7 7. dxc5 Bxc5 8.
cxd5 exd5 9. O-O O-O 10. Nb5 Re8 11. b3 Ne4 12. Bb2 Bf5 13. Rc1 Bb6 14. Nc3
Nxc3 15. Bxc3 Qd6 16. Nd4 Nxd4 17. Bxd4 Bc7 18. g3 Bh3 19. Re1 Ba5 20. Bc3 Bxc3
21. Rxc3 Re4 22. Bf3 1/2-1/2

[Event "Schachfestival 2014"]
[Site "Bad WÃ¶rishofen"]
[Date "2014.03.27"]
[Round "8.76"]
[White "Schulz, Gert"]
[Black "Ballon, Günther"]
[Result "1/2-1/2"]
[WhiteElo "2004"]
[BlackElo "2116"]
[Annotator "chessorg"]
[PlyCount "52"]
[EventDate "2014.??.??"]
[WhiteTeam "SK 1947 Sandhausen e.V."]

1. d4 d5 2. c4 c6 3. cxd5 cxd5 4. Nc3 Nf6 5. Bf4 Nc6 6. e3 a6 7. Bd3 e6 8. Nf3
Be7 9. h3 b5 10. O-O Bb7 11. Ne5 O-O 12. Nxc6 Bxc6 13. a3 Qd7 14. Qe2 Ne4 15.
Rfc1 Rfc8 16. b3 Nxc3 17. Rxc3 b4 18. axb4 Bxb4 19. Rc2 Bb5 20. Rac1 Rxc2 21.
Qxc2 Bxd3 22. Qxd3 Rc8 23. Rxc8+ Qxc8 24. g4 h6 25. Kg2 Qc6 26. Kf3 Bd6 1/2-1/2

[Event "Schachfestival 2014"]
[Site "Bad WÃ¶rishofen"]
[Date "2014.03.27"]
[Round "8.92"]
[White "Bangert, Ruediger"]
[Black "Malchow, Uwe"]
[Result "0-1"]
[WhiteElo "1665"]
[BlackElo "1789"]
[Annotator "chessorg"]
[PlyCount "60"]
[EventDate "2014.??.??"]
[WhiteTeam "Ohne"]
[BlackTeam "SK Altrip"]

1. d4 Nf6 2. c4 g6 3. Nc3 Bg7 4. e4 d6 5. f4 O-O 6. h3 c5 7. dxc5 dxc5 8. Qxd8
Rxd8 9. e5 Ne8 10. g4 Nc6 11. Be3 Nd4 12. O-O-O Be6 13. Nb5 Nxb5 14. Rxd8 Rxd8
15. cxb5 Bxa2 16. Bxc5 Rc8 17. b4 b6 18. Kb2 Bd5 19. Rh2 bxc5 20. Rc2 c4 21.
Ka3 f6 22. e6 Bxe6 23. Bg2 Rd8 24. Bc6 Rd3+ 25. Ka2 Nd6 26. Nf3 Nc8 27. Nd2 c3+
28. Nb3 Rd2 29. Ka3 Rxc2 30. Nd4 Ra2# 0-1

[Event "Schachfestival 2014"]
[Site "Bad WÃ¶rishofen"]
[Date "2014.03.28"]
[Round "9.1"]
[White "Chatalbashev, Boris"]
[Black "Epishin, Vladimir"]
[Result "1/2-1/2"]
[WhiteElo "2521"]
[BlackElo "2545"]
[Annotator "chessorg"]
[PlyCount "22"]
[EventDate "2014.??.??"]

1. d4 d5 2. c4 e6 3. Nc3 Be7 4. Nf3 Nf6 5. Bg5 h6 6. Bh4 O-O 7. e3 Nbd7 8. Rc1
c6 9. Bd3 dxc4 10. Bxc4 Nd5 11. Bxe7 Qxe7 1/2-1/2

[Event "Schachfestival 2014"]
[Site "Bad WÃ¶rishofen"]
[Date "2014.03.28"]
[Round "9.6"]
[White "Naumkin, Igor"]
[Black "Seifert, Volker"]
[Result "1/2-1/2"]
[WhiteElo "2477"]
[BlackElo "2321"]
[Annotator "chessorg"]
[PlyCount "68"]
[EventDate "2014.??.??"]
[BlackTeam "USV TU Dresden"]

1. d4 e6 2. c4 Nf6 3. Nf3 b6 4. g3 Ba6 5. b3 Bb7 6. Bg2 Bb4+ 7. Bd2 a5 8. O-O
O-O 9. Qc2 d6 10. Nc3 Nbd7 11. Rad1 Bxc3 12. Bxc3 Be4 13. Qc1 a4 14. Bh3 axb3
15. axb3 Ra2 16. Rd2 Qa8 17. Rxa2 Qxa2 18. Nd2 Bg6 19. Bg2 d5 20. Bb2 c5 21.
cxd5 exd5 22. Qc3 Qa6 23. dxc5 Nxc5 24. Bxd5 Qxe2 25. Bf3 Qb5 26. Ba1 Rd8 27.
b4 Ne6 28. Bc6 Qh5 29. Bg2 Qe2 30. Nf3 Be4 31. h3 Rd3 32. Qc8+ Rd8 33. Qc3 Rd3
34. Qc8+ Rd8 1/2-1/2

[Event "Schachfestival 2014"]
[Site "Bad WÃ¶rishofen"]
[Date "2014.03.28"]
[Round "9.8"]
[White "Pirrot, Dieter"]
[Black "Ivanov, Mikhail M"]
[Result "1/2-1/2"]
[WhiteElo "2379"]
[BlackElo "2367"]
[Annotator "chessorg"]
[PlyCount "76"]
[EventDate "2014.??.??"]
[WhiteTeam "SV 1920 Hofheim"]

1. e4 c5 2. c3 Nf6 3. e5 Nd5 4. d4 cxd4 5. Nf3 e6 6. cxd4 d6 7. a3 Bd7 8. Bd3
Bc6 9. O-O Nd7 10. Re1 Be7 11. b4 a6 12. Nbd2 dxe5 13. dxe5 Nf4 14. Bf1 Nb6 15.
Qb3 Rc8 16. b5 axb5 17. Bxb5 Qd5 18. Bxc6+ Rxc6 19. Qxd5 Nbxd5 20. Nd4 Ra6 21.
N2f3 Nd3 22. Rd1 Nxc1 23. Rdxc1 Kd7 24. Nb5 Rha8 25. Rab1 b6 26. Rd1 Rc8 27.
Rb3 Rc2 28. g3 Bc5 29. Nfd4 Ra2 30. Rf3 f6 31. exf6 gxf6 32. Nb3 Ke7 33. Nxc5
bxc5 34. Rc1 Rc6 35. Na7 Rc7 36. Nb5 Rc6 37. Na7 Rc7 38. Nb5 Rc6 1/2-1/2

[Event "Schachfestival 2014"]
[Site "Bad WÃ¶rishofen"]
[Date "2014.03.28"]
[Round "9.10"]
[White "Estremera, Sergio"]
[Black "Semenova, Irina"]
[Result "1-0"]
[WhiteElo "2353"]
[BlackElo "2243"]
[Annotator "chessorg"]
[PlyCount "57"]
[EventDate "2014.??.??"]

1. d4 Nf6 2. c4 g6 3. Nc3 Bg7 4. e4 d6 5. f3 O-O 6. Nge2 b6 7. Bg5 c5 8. d5
Nbd7 9. Qd2 Ba6 10. Ng3 Ne5 11. b3 Ne8 12. Be2 Bc8 13. O-O h5 14. f4 Ng4 15.
Bxg4 Bd4+ 16. Kh1 Bxg4 17. f5 f6 18. Be3 Be5 19. fxg6 Bxg3 20. hxg3 Ng7 21. Bg1
Ne6 22. Qh6 Ng5 23. Be3 e5 24. Bxg5 Qe7 25. Qh7+ Qxh7 26. gxh7+ Kxh7 27. Rxf6
Rxf6 28. Bxf6 Rf8 29. Be7 1-0

[Event "Schachfestival 2014"]
[Site "Bad WÃ¶rishofen"]
[Date "2014.03.28"]
[Round "9.11"]
[White "Cocchi, Andrea"]
[Black "Calzetta, Monica"]
[Result "1/2-1/2"]
[WhiteElo "2321"]
[BlackElo "2208"]
[Annotator "chessorg"]
[PlyCount "33"]
[EventDate "2014.??.??"]
[WhiteTeam "CSB"]

1. Nf3 c5 2. b3 d6 3. e4 e5 4. Bc4 Be7 5. c3 Nf6 6. Qe2 O-O 7. O-O Bg4 8. d3
Nc6 9. h3 Bh5 10. Nbd2 a6 11. g4 Bg6 12. Bd5 Rc8 13. Bxc6 Rxc6 14. Nc4 Qd7 15.
Ne3 Bd8 16. c4 Ne8 17. Nd5 1/2-1/2

[Event "Schachfestival 2014"]
[Site "Bad WÃ¶rishofen"]
[Date "2014.03.28"]
[Round "9.13"]
[White "Mihajlov, Sebastian"]
[Black "Lupor, André"]
[Result "1/2-1/2"]
[WhiteElo "2207"]
[BlackElo "2297"]
[Annotator "chessorg"]
[PlyCount "59"]
[EventDate "2014.??.??"]
[WhiteTeam "OSS(Oslo)"]
[BlackTeam "Schachgemeinschaft Ennepe-Ruhr-S"]

1. d4 Nf6 2. c4 g6 3. Nc3 d5 4. cxd5 Nxd5 5. e4 Nxc3 6. bxc3 Bg7 7. Bc4 c5 8.
Ne2 Nc6 9. Be3 O-O 10. O-O Qc7 11. Rc1 b6 12. Qd2 Bb7 13. Rfd1 Rad8 14. Bh6 Na5
15. Bd3 e5 16. Bxg7 Kxg7 17. Ng3 f6 18. Qe3 Qe7 19. Be2 cxd4 20. cxd4 exd4 21.
Rxd4 Rxd4 22. Qxd4 Rd8 23. Qe3 Rc8 24. Rd1 Nc4 25. Qd4 Ne5 26. f4 Nf7 27. Qa4
Bc6 28. Qc4 Bb7 29. Qa4 Bc6 30. Qc4 1/2-1/2

[Event "Schachfestival 2014"]
[Site "Bad WÃ¶rishofen"]
[Date "2014.03.28"]
[Round "9.14"]
[White "Kummerow, Heiko"]
[Black "Mihajlov, Svetoslav"]
[Result "1-0"]
[WhiteElo "2263"]
[BlackElo "2130"]
[Annotator "chessorg"]
[PlyCount "55"]
[EventDate "2014.??.??"]
[WhiteTeam "Recklinghaeuser Schachgemeinschaf"]
[BlackTeam "Oslo OSS "]

1. e4 e5 2. Nf3 Nc6 3. Nc3 Nf6 4. Bb5 Nd4 5. Bc4 c6 6. Nxe5 Qe7 7. Nf3 Nxf3+ 8.
Qxf3 b5 9. Bd3 b4 10. Ne2 g6 11. b3 Bg7 12. Bb2 O-O 13. O-O Bb7 14. Nf4 Nxe4
15. Bxg7 Ng5 16. Qg3 Kxg7 17. Rae1 Ne6 18. h4 Kh8 19. h5 Qf6 20. Nxe6 fxe6 21.
hxg6 Rg8 22. Qc7 Bc8 23. Re3 hxg6 24. Rf3 Qg5 25. Rh3+ Kg7 26. Rg3 Qc5 27.
Rxg6+ Kf7 28. Qf4+ 1-0

[Event "Schachfestival 2014"]
[Site "Bad WÃ¶rishofen"]
[Date "2014.03.28"]
[Round "9.15"]
[White "Zuse, Peter"]
[Black "Wörl, Richard"]
[Result "1-0"]
[WhiteElo "2262"]
[BlackElo "2047"]
[Annotator "chessorg"]
[PlyCount "47"]
[EventDate "2014.??.??"]
[WhiteTeam "Klub Koelner Schachfreunde e.V. 1"]
[BlackTeam "SW Nuernberg Sued e.V."]

1. g3 d5 2. Bg2 e5 3. c4 d4 4. d3 c6 5. Nf3 Qc7 6. O-O Bg4 7. e3 dxe3 8. Bxe3
Nd7 9. Nc3 Ngf6 10. d4 e4 11. Bf4 Bd6 12. Bxd6 Qxd6 13. Re1 O-O-O 14. Nxe4 Nxe4
15. Rxe4 f5 16. Re3 Nc5 17. Qc2 Ne4 18. d5 Rhe8 19. dxc6 Qxc6 20. Rae1 Qc5 21.
Ng5 Rd2 22. Qxd2 Nxd2 23. Rxe8+ Kd7 24. Rd8+ 1-0

[Event "Schachfestival 2014"]
[Site "Bad WÃ¶rishofen"]
[Date "2014.03.28"]
[Round "9.18"]
[White "Voss, Gunther"]
[Black "Friedrich, Norbert"]
[Result "0-1"]
[WhiteElo "2160"]
[BlackElo "2316"]
[Annotator "chessorg"]
[PlyCount "50"]
[EventDate "2014.??.??"]
[WhiteTeam "Schachverein Muelheim-Nord 1931 e"]
[BlackTeam "Waldshut-Tiengen"]

1. e4 c5 2. Nf3 e6 3. d4 cxd4 4. Nxd4 a6 5. Nc3 Qc7 6. Bd3 Nf6 7. f4 b5 8. a4
b4 9. Na2 Bb7 10. Qf3 Nc6 11. Be3 Nxd4 12. Bxd4 Bc5 13. c3 Bxd4 14. cxd4 Qb6
15. Qe3 Ng4 16. Qg1 O-O 17. h3 Nf6 18. Qe3 d6 19. a5 Qxa5 20. O-O Qb6 21. Rae1
a5 22. e5 Nd5 23. Qe4 g6 24. f5 exf5 25. Qh4 f4 0-1

[Event "Schachfestival 2014"]
[Site "Bad WÃ¶rishofen"]
[Date "2014.03.28"]
[Round "9.19"]
[White "Schulze, Ulrich"]
[Black "Baeuml, Ulrich"]
[Result "1/2-1/2"]
[WhiteElo "2296"]
[BlackElo "2123"]
[Annotator "chessorg"]
[PlyCount "29"]
[EventDate "2014.??.??"]
[WhiteTeam "SC Bretten"]
[BlackTeam "SC Dillingen"]

1. d4 e6 2. c4 d5 3. Nf3 c5 4. cxd5 exd5 5. Nc3 Nf6 6. Bg5 Be6 7. e3 c4 8. Be2
Be7 9. O-O O-O 10. Bxf6 Bxf6 11. b3 Nc6 12. bxc4 dxc4 13. Rb1 Na5 14. Qd2 a6
15. e4 1/2-1/2

[Event "Schachfestival 2014"]
[Site "Bad WÃ¶rishofen"]
[Date "2014.03.28"]
[Round "9.22"]
[White "Raghavi, N."]
[Black "Spanton, Tim"]
[Result "1-0"]
[WhiteElo "2213"]
[BlackElo "1949"]
[Annotator "chessorg"]
[PlyCount "61"]
[EventDate "2014.??.??"]
[BlackTeam "Hastings"]

1. e4 e5 2. Nf3 Nc6 3. Bb5 Nf6 4. O-O Nxe4 5. d4 Nd6 6. Ba4 e4 7. Re1 Be7 8.
Ne5 O-O 9. Nc3 Nf5 10. Rxe4 Nxe5 11. dxe5 d6 12. Bf4 Be6 13. Nd5 Bxd5 14. Qxd5
c6 15. Qd3 d5 16. Re2 Nh4 17. c3 Re8 18. Bg3 Qd7 19. Bc2 g6 20. Rae1 Bd8 21. c4
d4 22. c5 Qd5 23. Bxh4 Bxh4 24. b4 Qxa2 25. Bb3 Qa6 26. Qxd4 Bg5 27. e6 fxe6
28. Rxe6 Rxe6 29. Rxe6 Kf8 30. Qh8+ Kf7 31. Re8+ 1-0

[Event "Schachfestival 2014"]
[Site "Bad WÃ¶rishofen"]
[Date "2014.03.28"]
[Round "9.25"]
[White "Rahls, Peter"]
[Black "Matzat, Andre"]
[Result "1-0"]
[WhiteElo "2238"]
[BlackElo "2078"]
[Annotator "chessorg"]
[PlyCount "45"]
[EventDate "2014.??.??"]
[WhiteTeam "SK Zehlendorf e.V."]
[BlackTeam "Schachclub Weisse Dame Borbeck 25"]

1. e4 c5 2. c3 Nf6 3. e5 Nd5 4. d4 cxd4 5. cxd4 d6 6. Nf3 e6 7. Bc4 Nc6 8. O-O
Be7 9. Qe2 O-O 10. Nc3 Nxc3 11. bxc3 dxe5 12. dxe5 Qa5 13. Bd3 Rd8 14. Bd2 Bd7
15. Rfe1 Be8 16. a4 Qc7 17. Bc2 Rac8 18. h4 Na5 19. Rab1 Qc4 20. Bg5 Bxg5 21.
Nxg5 Qxh4 22. Ne4 Nc4 23. Rb4 1-0

[Event "Schachfestival 2014"]
[Site "Bad WÃ¶rishofen"]
[Date "2014.03.28"]
[Round "9.26"]
[White "Seyfried, Claus"]
[Black "Guggenberger, Guido"]
[Result "1-0"]
[WhiteElo "2208"]
[BlackElo "2047"]
[Annotator "chessorg"]
[PlyCount "35"]
[EventDate "2014.??.??"]
[WhiteTeam "Stuttgarter SF 1879"]
[BlackTeam "SC Tarrasch 45 Muenchen"]

1. e4 e5 2. Nf3 Nc6 3. d4 exd4 4. Nxd4 Nf6 5. Nc3 Bb4 6. Nxc6 bxc6 7. Bd3 d5 8.
exd5 cxd5 9. O-O O-O 10. h3 c6 11. Bg5 Qd6 12. Qf3 Re8 13. Rfe1 Bb7 14. Qf5 Qd7
15. Qf4 Qd6 16. Qh4 h6 17. Bxf6 Qxf6 18. Qxb4 1-0

[Event "Schachfestival 2014"]
[Site "Bad WÃ¶rishofen"]
[Date "2014.03.28"]
[Round "9.42"]
[White "Naalden, Marc"]
[Black "Müller, Martin"]
[Result "0-1"]
[WhiteElo "2033"]
[BlackElo "2139"]
[Annotator "chessorg"]
[PlyCount "42"]
[EventDate "2014.??.??"]
[WhiteTeam "De Pion"]
[BlackTeam "Schachverein Unser Fritz Wanne-E"]

1. d4 Nf6 2. Nf3 c5 3. c3 cxd4 4. cxd4 g6 5. Nc3 Bg7 6. Bf4 O-O 7. e3 d6 8. h3
Qa5 9. Qd2 Nc6 10. Be2 e5 11. Bh2 Re8 12. O-O Bf5 13. dxe5 dxe5 14. Bb5 Red8
15. Qe1 Nb4 16. Nxe5 Nc2 17. Nc4 Qb4 18. Qc1 Nxa1 19. Qxa1 Bd3 20. Bd6 Rxd6 21.
Nxd6 Bxf1 0-1

[Event "Schachfestival 2014"]
[Site "Bad WÃ¶rishofen"]
[Date "2014.03.28"]
[Round "9.51"]
[White "Völz, Stephan"]
[Black "Gehrmann, Ulrich"]
[Result "1/2-1/2"]
[WhiteElo "1942"]
[BlackElo "2046"]
[Annotator "chessorg"]
[PlyCount "43"]
[EventDate "2014.??.??"]
[WhiteTeam "Muldental Wilkau-Hasslau"]
[BlackTeam "Oberbilker Schachverein 1960"]

1. d4 Nf6 2. Nf3 d5 3. Bf4 c5 4. c3 Qb6 5. Qc1 Bf5 6. e3 e6 7. Nbd2 h6 8. h3
Nc6 9. Be2 Be7 10. O-O O-O 11. dxc5 Bxc5 12. Nb3 Be7 13. Rd1 Rac8 14. Nbd4 Bh7
15. Ne5 Nxe5 16. Bxe5 Nd7 17. Bg3 Nc5 18. f3 Rfd8 19. Bf2 e5 20. Nc2 Na4 21.
Rb1 Qg6 22. Bd3 1/2-1/2

[Event "Schachfestival 2014"]
[Site "Bad WÃ¶rishofen"]
[Date "2014.03.28"]
[Round "9.54"]
[White "Felser, Martin"]
[Black "Marian, Hartmut"]
[Result "0-1"]
[WhiteElo "1891"]
[BlackElo "2048"]
[Annotator "chessorg"]
[PlyCount "50"]
[EventDate "2014.??.??"]
[WhiteTeam "SK Marktoberdorf"]
[BlackTeam "Schachklub Germering e. V."]

1. c4 e5 2. g3 Nc6 3. Bg2 Bc5 4. e3 a6 5. Nc3 d6 6. Nge2 Ba7 7. O-O h5 8. Rb1
h4 9. b4 hxg3 10. fxg3 Bh3 11. Rf2 Bxg2 12. Rxg2 Qd7 13. Ne4 f5 14. Nf2 Nf6 15.
b5 axb5 16. Rxb5 Bb6 17. Qc2 e4 18. d4 exd3 19. Nxd3 O-O-O 20. Nef4 Rhe8 21.
Nd5 Nxd5 22. cxd5 Nd4 23. exd4 Bxd4+ 24. Kh1 Qxb5 25. Bg5 Re1+ 0-1

[Event "Schachfestival 2014"]
[Site "Bad WÃ¶rishofen"]
[Date "2014.03.28"]
[Round "9.62"]
[White "Von Saldern, Rüdiger"]
[Black "Koch, Till"]
[Result "1/2-1/2"]
[WhiteElo "1973"]
[BlackElo "1872"]
[Annotator "chessorg"]
[PlyCount "68"]
[EventDate "2014.??.??"]
[WhiteTeam "SF Starnberger See e.V."]
[BlackTeam "Schachverein Unser Fritz Wanne-E"]

1. d4 Nf6 2. Nf3 e6 3. c4 Bb4+ 4. Nc3 c5 5. a3 Bxc3+ 6. bxc3 b6 7. Bg5 Ba6 8.
e3 Nc6 9. Bd3 O-O 10. O-O Na5 11. Qe2 Rc8 12. d5 d6 13. Nd2 h6 14. Bh4 g5 15.
Bg3 exd5 16. cxd5 Bxd3 17. Qxd3 Nh5 18. c4 Nxg3 19. hxg3 Qf6 20. Rab1 Rfe8 21.
a4 h5 22. Nb3 Nxb3 23. Rxb3 Ra8 24. Rfb1 g4 25. Rb5 h4 26. gxh4 Qxh4 27. g3 Qf6
28. Qe2 Qf5 29. Rc1 Kg7 30. Rbb1 Qh5 31. Qb2+ f6 32. Kf1 Qh1+ 33. Ke2 Qf3+ 34.
Ke1 Rh8 1/2-1/2

[Event "Schachfestival 2014"]
[Site "Bad WÃ¶rishofen"]
[Date "2014.03.28"]
[Round "9.65"]
[White "Hauff, Andre"]
[Black "Busch, Michael"]
[Result "0-1"]
[WhiteElo "1940"]
[BlackElo "1780"]
[Annotator "chessorg"]
[PlyCount "60"]
[EventDate "2014.??.??"]
[WhiteTeam "ESV 1949 Eberswalde e.V."]
[BlackTeam "Schachklub Dornbirn"]

1. d4 Nf6 2. c4 c5 3. d5 e6 4. Nc3 exd5 5. cxd5 d6 6. e4 g6 7. Nf3 Bg7 8. Be2
O-O 9. O-O Re8 10. Nd2 a6 11. a4 Nbd7 12. f4 b6 13. Bf3 Rb8 14. Nc4 Qc7 15. Bd2
b5 16. axb5 axb5 17. Na5 b4 18. Nc6 bxc3 19. Nxb8 cxb2 20. Rb1 Qxb8 21. Re1 c4
22. Bc3 Nc5 23. Rxb2 Qc7 24. e5 Nd3 25. exf6 Qc5+ 26. Kf1 Rxe1+ 27. Bxe1 Nxb2
28. Qe2 Bxf6 29. g4 c3 30. Qc2 Ba6+ 0-1